| 000 | 00373nam a2200145Ia 4500 | ||
|---|---|---|---|
| 008 | 130318s9999 xx 000 0 und d | ||
| 020 | _a486678709 | ||
| 082 | _a511.5 TRU/I | ||
| 100 | _aTrudeau, Richard J | ||
| 245 | _aIntroduction to graph theory | ||
| 260 |
_bDover Publications,Inc. _aNew York _c1993 |
||
| 300 | _a209 | ||
| 650 | _aGRAPH THEORY | ||
| 650 | _aMATHEMATICS | ||
| 999 |
_c1103 _d1103 |
||